000 00426nab a2200145Ia 4500
003 ES-SlBCS
005 20210601124944.0
008 140529s1979 xxu||||| |||| 00| 0 eng d
041 _aeng
100 1 _aArmstrong, A. Macc.
_9151914
245 0 0 _aObjectivity in Historical Writing
_c A. MacC. Armstrong
650 0 4 _aObjetividad
_9124371
773 0 _tMonist, the
_gvol. 62, nº. 4, 1979, págs. 429-445
_wRev1667
942 _cAR
999 _c522327
_d522327